000 00232nam a22001097a 4500
003 OSt
008 231114b |||||||| |||| 00| 0 eng d
041 _amal
100 _aAyyappan, T. R.
_95628
245 _aAnakkettukal /
942 _cBK
999 _c17855
_d17855